000 01039nam a2200313 i 4500
001 000017475
003 DO-SdBNP
005 20250917140854.0
007 ta
008 100325r1980 dr 000 f spa d
040 _aDO-SdBNP
_bspa
_cBNPHU
_erda
041 _aspa
082 4 _aRD863.44
_bC697a
_222
100 1 _aCollado, Lipe,
_d1947-
_eautor
_4aut.
_979819
245 1 4 _aLos acorralados /
_cFelipe Collado
250 _aPrimera edición
264 4 _aSanto Domingo :
_bEditora Alfa y Omega,
_c©1980.
300 _a126 páginas ;
_c18 cm.
336 _atexto
_btxt
_2rdacontent
337 _asin mediación
_bn
_2rdamedia
338 _avolumen
_bnc
_2rdacarrier
500 _aIncluye datos biográficos del autor en la solapa de la contracubierta
590 _aInventariado, 2020/LP
650 4 _aNovela histórica dominicana.
_9860
650 4 _aLiteratura dominicana.
_967
650 4 _aRepública dominicana
_xHistoria
_yRevolución 1965
_vNovela
_938194
910 _aValidado. Control de calidad MMOLINA
942 _2ddc
_cLBS1
999 _c17000
_d17000